[Event "I Festival A"]
[Site "Cattolica ITA"]
[Date "2005.06.18"]
[Round "8"]
[White "Baldelli, Alex"]
[Black "De Zordi, Fabio"]
[Result "1/2-1/2"]
[WhiteElo "1901"]
[BlackElo "1733"]
[PlyCount "127"]
[EventDate "2005.06.11"]

1.d4 Nf6 2.c4 e6 3.Nc3 Bb4 4.Qc2 O-O 5.Bg5 c5 6.Nf3 cxd4 7.Nxd4 Nc6 8.Nb3 
d5 9.O-O-O Be7 10.a3 d4 11.e3 e5 12.exd4 Nxd4 13.Nxd4 exd4 14.Nb5 a6 15.
Nxd4 Qa5 16.Bd2 Qe5 17.Bc3 Qf4+ 18.Kb1 Bd7 19.Nf3 Bc6 20.Rd4 Ne4 21.Bd3 f5
22.Bb4 Bxb4 23.axb4 Rad8 24.Rxd8 Rxd8 25.Rd1 Qc7 26.c5 h6 27.Bc4+ Kh8 28.
Rxd8+ Qxd8 29.Qd3 Qe8 30.Qe3 Qd8 31.Kc2 Nf6 32.Ne5 Be4+ 33.Kb3 Qd1+ 34.Ka3
Kh7 35.Qb3 Bc2 36.Qa2 Qd4 37.b3 Qd1 38.Nf3 Be4 39.Qe2 Qa1+ 40.Qa2 Qd1 41.
Qe2 Qd8 42.Qd2 Qe8 43.g3 Nd5 44.Nd4 Nc7 45.f3 Bc6 46.Nxf5 Qe5 47.Nd4 Qf6 
48.Bd3+ Kh8 49.Nxc6 bxc6 50.Bc4 Nb5+ 51.Bxb5 axb5 52.f4 Qa1+ 53.Qa2 Qe1 
54.Qb2 Kg8 55.Qe5 Qxe5 56.fxe5 Kf7 57.Kb2 Ke6 58.Kc3 Kxe5 59.Kd3 Kd5 60.
Ke3 Ke5 61.Kf3 Kf5 62.h3 g6 63.Ke3 Ke5 64.h4 1/2-1/2

[Event "I Festival A"]
[Site "Cattolica ITA"]
[Date "2005.06.18"]
[Round "8"]
[White "Bellin, Robert Cecil"]
[Black "Dittmar, Peter"]
[Result "1/2-1/2"]
[WhiteElo "2397"]
[BlackElo "2319"]
[PlyCount "97"]
[EventDate "2005.06.11"]

1.e4 e6 2.d4 d5 3.Nc3 Bb4 4.e5 Ne7 5.a3 Bxc3+ 6.bxc3 b6 7.Qg4 Ng6 8.Nf3 
Ba6 9.Bd3 Qd7 10.a4 Bxd3 11.cxd3 Nc6 12.O-O Nce7 13.Qg5 c5 14.dxc5 bxc5 
15.Ba3 Rc8 16.d4 cxd4 17.cxd4 O-O 18.h4 Rfe8 19.h5 h6 20.Qd2 Nf8 21.Bc5 
Nc6 22.Rfc1 Qb7 23.Qe2 Nd7 24.Rab1 Qa8 25.Bd6 Nb6 26.Qd1 Nc4 27.Rb5 a6 28.
Rc5 Red8 29.g4 Qb7 30.g5 Ne7 31.Rb1 Qd7 32.Bxe7 Qxe7 33.Rxc8 Rxc8 34.gxh6 
gxh6 35.Qc1 Kh7 36.Qf4 Rf8 37.Kh2 f6 38.exf6 Rxf6 39.Rb7 Rxf4 40.Rxe7+ Kg8
41.Kg3 Re4 42.Kh3 a5 43.Nh2 Nd6 44.Ng4 Nf5 45.Nf6+ Kf8 46.Rd7 Rxd4 47.Nh7+
Ke8 48.Nf6+ Kf8 49.Nh7+ 1/2-1/2

[Event "I Festival A"]
[Site "Cattolica ITA"]
[Date "2005.06.18"]
[Round "8"]
[White "Calza, Gabriele"]
[Black "Straub, Peter"]
[Result "0-1"]
[WhiteElo "1790"]
[BlackElo "2112"]
[PlyCount "104"]
[EventDate "2005.06.11"]

1.c4 Nf6 2.g3 e6 3.Bg2 Be7 4.Nf3 d5 5.b3 c5 6.cxd5 Nxd5 7.Bb2 O-O 8.O-O 
Nc6 9.Nc3 Nc7 10.Rc1 Rb8 11.Ne4 b6 12.d4 f5 13.Ned2 Nxd4 14.Nxd4 cxd4 15.
Nf3 Nb5 16.a4 Nc3 17.Bxc3 dxc3 18.Rxc3 Ba6 19.Qc2 Bf6 20.Rd1 Qxd1+ 21.Qxd1
Bxc3 22.Qd7 Rbe8 23.Ng5 Bf6 24.Nh3 Re7 25.Qd6 Rc8 26.Nf4 Rc1+ 27.Bf1 Kf7 
28.h4 Rcc7 29.Bg2 Rcd7 30.Qb4 Bb7 31.e4 fxe4 32.Bxe4 Rd4 33.Qxe7+ Kxe7 34.
Bxb7 g5 35.hxg5 Bxg5 36.Nh3 Bh6 37.Ba6 Kd6 38.Kg2 Rb4 39.Bc4 a6 40.Bxa6 
Rxb3 41.Ng1 Rb4 42.Bb5 e5 43.Ne2 Kc5 44.Bd7 Bd2 45.Ng1 e4 46.Kf1 Rb1+ 47.
Ke2 Rxg1 48.Kxd2 Kd4 49.Ke2 h6 50.Bc6 Rc1 51.Bb5 Rc2+ 52.Kf1 e3 0-1

[Event "I Festival A"]
[Site "Cattolica ITA"]
[Date "2005.06.18"]
[Round "8"]
[White "Chatalbashev, Boris"]
[Black "Isonzo, David"]
[Result "1-0"]
[WhiteElo "2499"]
[BlackElo "2325"]
[PlyCount "61"]
[EventDate "2005.06.11"]

1.d4 Nf6 2.c4 g6 3.Nc3 Bg7 4.e4 d6 5.Bd3 Nbd7 6.Nge2 O-O 7.O-O c5 8.d5 Ne5
9.Bg5 h6 10.Bh4 a6 11.a4 g5 12.Bg3 Nh5 13.f4 Ng6 14.Qd2 Nxg3 15.hxg3 Bg4 
16.e5 gxf4 17.e6 f5 18.gxf4 Qe8 19.Kf2 h5 20.Rh1 Bf6 21.g3 h4 22.Rag1 
hxg3+ 23.Rxg3 Bh4 24.Nd1 Bxg3+ 25.Nxg3 Qxa4 26.Ne3 Nxf4 27.Bxf5 Nh3+ 28.
Rxh3 Bxh3 29.Ng4 Rxf5+ 30.Nxf5 Qe8 31.Qg5+ 1-0

[Event "I Festival A"]
[Site "Cattolica ITA"]
[Date "2005.06.18"]
[Round "8"]
[White "Cox, John J."]
[Black "Barlocco, Carlo"]
[Result "1-0"]
[WhiteElo "2322"]
[BlackElo "2195"]
[PlyCount "31"]
[EventDate "2005.06.11"]

1.d4 e6 2.c4 b6 3.e4 Bb7 4.Qc2 Qh4 5.Nd2 Bb4 6.Bd3 Bxd2+ 7.Bxd2 f5 8.Nf3 
Qh5 9.exf5 Bxf3 10.gxf3 Nc6 11.Bc3 Nf6 12.fxe6 Qxf3 13.Rg1 dxe6 14.Be2 Qf4
15.Qa4 Kd7 16.Rxg7+ 1-0

[Event "I Festival A"]
[Site "Cattolica ITA"]
[Date "2005.06.18"]
[Round "8"]
[White "De Rosa, Mariagrazia"]
[Black "Radovanovic, Jovica"]
[Result "0-1"]
[WhiteElo "2081"]
[BlackElo "2340"]
[PlyCount "98"]
[EventDate "2005.06.11"]

1.e4 e5 2.Nf3 Nc6 3.Bb5 a6 4.Ba4 Nf6 5.O-O Be7 6.Re1 b5 7.Bb3 d6 8.c3 O-O 
9.h3 Nd7 10.d4 Bf6 11.a4 Bb7 12.d5 Ne7 13.axb5 axb5 14.Rxa8 Qxa8 15.Na3 
Ba6 16.Nh2 Ng6 17.Ng4 Bd8 18.Ne3 Bg5 19.Nec2 Bxc1 20.Qxc1 Nc5 21.Ba2 Nd3 
22.Qb1 Nxe1 23.Qxe1 Bc8 24.Nb4 Bd7 25.Bb1 Qd8 26.Nc6 Qg5 27.Kh1 Nh4 28.Qf1
Bxc6 29.dxc6 Qd2 30.Nxb5 Ng6 31.Nxc7 Ne7 32.Nd5 Nxd5 33.exd5 Qxb2 34.Bd3 
f5 35.Qb1 Qxb1+ 36.Bxb1 g6 37.Bd3 Ra8 38.Kg1 Kf8 39.Kf1 Ra3 40.Ke2 Rxc3 
41.f3 Ke7 42.g4 Kf6 43.h4 h6 44.h5 fxg4 45.fxg4 gxh5 46.gxh5 Kg5 47.Bg6 
Rc5 48.Bf7 Kf4 49.Be6 e4 0-1

[Event "I Festival A"]
[Site "Cattolica ITA"]
[Date "2005.06.18"]
[Round "8"]
[White "Friedrich, Norbert"]
[Black "Brancaleoni, Maurizio"]
[Result "1-0"]
[WhiteElo "2303"]
[BlackElo "2296"]
[PlyCount "63"]
[EventDate "2005.06.11"]

1.e4 d6 2.d4 Nf6 3.Nc3 Nbd7 4.Nf3 e5 5.Bc4 Be7 6.O-O O-O 7.Re1 c6 8.a4 b6 
9.Bg5 a6 10.Qe2 h6 11.Be3 Nh7 12.Rad1 Qc7 13.Qd2 b5 14.Ba2 Ndf6 15.Bxh6 b4
16.Ne2 Nxe4 17.Qd3 d5 18.Be3 exd4 19.Bxd4 Bb7 20.Ng3 Nxg3 21.hxg3 Rae8 22.
c3 Nf6 23.Ng5 g6 24.Ne6 Qd6 25.Nxf8 Rxf8 26.cxb4 Ne4 27.f3 Ng5 28.Bc5 Qxg3
29.Rxe7 Nh3+ 30.Kf1 Nf4 31.Qd2 a5 32.Rxb7 1-0

[Event "I Festival A"]
[Site "Cattolica ITA"]
[Date "2005.06.18"]
[Round "8"]
[White "Frilli, Guido"]
[Black "Meijers, Viesturs"]
[Result "0-1"]
[WhiteElo "2117"]
[BlackElo "2486"]
[PlyCount "76"]
[EventDate "2005.06.11"]

1.e4 c5 2.Nf3 e6 3.d3 a6 4.g3 b5 5.Bg2 Bb7 6.O-O Be7 7.Qe2 Nc6 8.c3 d5 9.
e5 h5 10.h4 Nh6 11.Bf4 Nf5 12.Nbd2 g6 13.Rfd1 a5 14.Nf1 a4 15.Ne3 Ng7 16.
Ng5 Qd7 17.Rac1 a3 18.bxa3 Rxa3 19.Qb2 Ra5 20.c4 Nd4 21.Qd2 b4 22.cxd5 
exd5 23.Ra1 O-O 24.Nc2 Nxc2 25.Qxc2 Nf5 26.Re1 Nd4 27.Qb2 Qb5 28.Be3 Nf5 
29.e6 f6 30.Nh3 d4 31.Bxb7 Qxb7 32.Bd2 Rfa8 33.Nf4 Kg7 34.Ne2 Qf3 35.Nc1 
Nxg3 36.fxg3 Qxg3+ 37.Kf1 c4 38.dxc4 Rf5+ 0-1

[Event "I Festival A"]
[Site "Cattolica ITA"]
[Date "2005.06.18"]
[Round "8"]
[White "Gandolfi, Gianfranco"]
[Black "De Toma, Francesco"]
[Result "1-0"]
[WhiteElo "1967"]
[BlackElo "1780"]
[PlyCount "73"]
[EventDate "2005.06.11"]

1.e4 c5 2.Nf3 d6 3.d4 cxd4 4.Nxd4 Nf6 5.Nc3 a6 6.Bg5 e6 7.f4 b5 8.e5 dxe5 
9.fxe5 Qc7 10.Qe2 Nfd7 11.O-O-O b4 12.Na4 Nc6 13.Nxc6 Qxc6 14.b3 Bb7 15.
Rg1 Nc5 16.Nxc5 Bxc5 17.Be3 O-O 18.g4 Rad8 19.Rxd8 Rxd8 20.Bg2 Bxe3+ 21.
Qxe3 Qd7 22.Bxb7 Qxb7 23.h4 Qd5 24.h5 Qd4 25.Qxd4 Rxd4 26.Rd1 Rd5 27.Rxd5 
exd5 28.Kd2 Kf8 29.c3 bxc3+ 30.Kxc3 Ke7 31.Kd4 Ke6 32.b4 h6 33.a4 g6 34.b5
axb5 35.axb5 f5 36.exf6 Kxf6 37.hxg6 1-0

[Event "I Festival A"]
[Site "Cattolica ITA"]
[Date "2005.06.18"]
[Round "8"]
[White "Laketic, Gojko"]
[Black "Napoli, Nicolo'"]
[Result "0-1"]
[WhiteElo "2435"]
[BlackElo "2205"]
[PlyCount "142"]
[EventDate "2005.06.11"]

1.d4 d5 2.Nf3 Nf6 3.c4 c6 4.e3 g6 5.Nc3 Bg7 6.cxd5 Nxd5 7.Bc4 Nxc3 8.bxc3 
O-O 9.Ba3 Nd7 10.O-O b5 11.Be2 Nb6 12.Qc2 Re8 13.Rfd1 a6 14.Rac1 Be6 15.
Nd2 Bh6 16.Rb1 Bf5 17.e4 Be6 18.Bc5 Na4 19.Ba3 Bxa2 20.Ra1 Be6 21.Nf3 Qc7 
22.c4 Qa5 23.Ne5 Rac8 24.Nxc6 Rxc6 25.d5 Bxd5 26.exd5 Rc7 27.d6 exd6 28.
Bxd6 Rcc8 29.Ra3 Re6 30.Bf1 Qb6 31.Bb4 Bg7 32.Qa2 Nb2 33.c5 Qc6 34.Rb1 Na4
35.Rd3 Bf8 36.Rd5 Nxc5 37.Rc1 Qb6 38.g3 Rec6 39.Bh3 Ne6 40.Rxc6 Qxc6 41.
Bd2 Qc4 42.Qxc4 bxc4 43.Bf1 c3 44.Bxa6 Rc6 45.Bb5 Rb6 46.Bxc3 Nc7 47.Bc4 
Nxd5 48.Bxd5 Bc5 49.Kf1 Rb1+ 50.Ke2 Rc1 51.Be1 Kf8 52.h4 Rb1 53.Be4 Rb2+ 
54.Kf3 Ke7 55.Bd5 f6 56.Bc4 Kd6 57.Bg8 h6 58.Bf7 g5 59.hxg5 hxg5 60.Bg6 
Bd4 61.Bf5 Ke5 62.g4 Rb3+ 63.Ke2 Bc3 64.Bc2 Ra3 65.Bxc3+ Rxc3 66.Kd2 Rf3 
67.Ke2 Rf4 68.Bf5 Ra4 69.Be6 Ra6 70.Bc4 Rc6 71.Bb5 Rc2+ 0-1

[Event "I Festival A"]
[Site "Cattolica ITA"]
[Date "2005.06.18"]
[Round "8"]
[White "Lucchi, Lorenzo"]
[Black "Magalotti, Andrea"]
[Result "0-1"]
[WhiteElo "1870"]
[BlackElo "2169"]
[PlyCount "50"]
[EventDate "2005.06.11"]

1.e4 e5 2.Nf3 Nc6 3.d4 exd4 4.Nxd4 Bc5 5.Nxc6 Qf6 6.Qe2 Qxc6 7.Nc3 Ne7 8.
Bf4 Bb4 9.Bd2 d6 10.Qh5 a6 11.f3 Be6 12.Bd3 O-O-O 13.a3 Bxc3 14.Bxc3 f6 
15.a4 d5 16.Qh4 d4 17.Bb4 Ng6 18.Qg3 Qb6 19.Bd2 c5 20.f4 c4 21.f5 cxd3 22.
cxd3 Ne5 23.fxe6 Qxe6 24.Rc1+ Kb8 25.Qxg7 Nxd3+ 0-1

[Event "I Festival A"]
[Site "Cattolica ITA"]
[Date "2005.06.18"]
[Round "8"]
[White "Nardi, Marco"]
[Black "Weinberg, Emanuele"]
[Result "0-1"]
[WhiteElo "2017"]
[BlackElo "1926"]
[PlyCount "64"]
[EventDate "2005.06.11"]

1.e4 Nf6 2.e5 Nd5 3.d4 d6 4.c4 Nb6 5.f4 dxe5 6.fxe5 Nc6 7.Be3 Bf5 8.Nf3 e6
9.Be2 Be7 10.O-O Nb4 11.Na3 O-O 12.Qd2 c5 13.Rad1 cxd4 14.Nxd4 Bg6 15.Qc3 
Qb8 16.Ndc2 Nxc2 17.Nxc2 Bxc2 18.Qxc2 Qxe5 19.c5 Qxe3+ 20.Kh1 Qxc5 21.Qe4 
Nd5 22.Bd3 g6 23.Rf3 Nf6 24.Qe2 Rad8 25.Rdf1 Ng4 26.Rg3 Ne5 27.Bb1 Qc4 28.
Qe1 Bh4 29.b3 Bxg3 30.hxg3 Qd5 31.Qe2 Nc6 32.g4 Qg5 0-1

[Event "I Festival A"]
[Site "Cattolica ITA"]
[Date "2005.06.18"]
[Round "8"]
[White "Okhotnik, Vladimir"]
[Black "Ronchetti, Niccolo'"]
[Result "1-0"]
[WhiteElo "2417"]
[BlackElo "2364"]
[PlyCount "81"]
[EventDate "2005.06.11"]

1.e4 c5 2.Nf3 Nc6 3.Bb5 g6 4.Bxc6 dxc6 5.h3 Bg7 6.d3 Nf6 7.Nc3 Nd7 8.Be3 
e5 9.a3 Qe7 10.Qd2 Nf8 11.b4 Ne6 12.Na4 b6 13.O-O Bb7 14.Ng5 Nd4 15.bxc5 
b5 16.Bxd4 exd4 17.Nb2 h6 18.Nf3 Qxc5 19.Nh2 O-O 20.f4 f5 21.e5 Qd5 22.Nf3
c5 23.Qf2 Rfe8 24.Qg3 Kh7 25.Nd1 c4 26.c3 dxc3 27.Nxc3 Qxd3 28.Rad1 Qe3+ 
29.Kh2 Bxf3 30.Rxf3 Qc5 31.Rd5 Qxa3 32.Rd6 g5 33.Ne4 Qc1 34.Nxg5+ Kg8 35.
Rd7 Rad8 36.Rxd8 Rxd8 37.Ne6 Rd7 38.Qg6 Qd2 39.Rg3 c3 40.Nxg7 c2 41.Ne6+ 
1-0

[Event "I Festival A"]
[Site "Cattolica ITA"]
[Date "2005.06.18"]
[Round "8"]
[White "Orsi, Lorenzo"]
[Black "Russo, Carmelo"]
[Result "1-0"]
[WhiteElo "1700"]
[BlackElo "1763"]
[PlyCount "102"]
[EventDate "2005.06.11"]

1.e4 e5 2.d4 exd4 3.Qxd4 Nc6 4.Qe3 b6 5.Bd2 Bb7 6.Nc3 Bc5 7.Qg3 Qf6 8.Nd5 
Bxf2+ 9.Qxf2 Qxf2+ 10.Kxf2 O-O-O 11.Nf3 Nge7 12.Bc4 f5 13.Rhe1 Rhf8 14.Bg5
Rde8 15.Nxe7+ Nxe7 16.Bxe7 Rxe7 17.exf5 Kd8 18.Rxe7 Kxe7 19.Re1+ Kf6 20.
Bd3 Bd5 21.Kg1 c5 22.Nd2 a5 23.Be4 Re8 24.Kf2 Bf7 25.Bd3 Rxe1 26.Kxe1 Bxa2
27.b3 d5 28.g4 a4 29.bxa4 c4 30.Be2 h5 31.h3 hxg4 32.hxg4 g6 33.fxg6 Kxg6 
34.Kd1 c3 35.Nf3 Kf6 36.g5+ Kf5 37.Bd3+ Kf4 38.Ke2 d4 39.g6 Bg8 40.Nxd4 
Ke5 41.Nc6+ Kd6 42.Nb4 Kc5 43.Na6+ Kd4 44.Bf5 Bc4+ 45.Bd3 Bg8 46.Nc7 Ke5 
47.Ke3 Ba2 48.Bb5 Kd6 49.Na8 Kc5 50.Be8 b5 51.axb5 Kd6 1-0

[Event "I Festival A"]
[Site "Cattolica ITA"]
[Date "2005.06.18"]
[Round "8"]
[White "Pircher, Karl"]
[Black "Fronzi, Ettore"]
[Result "1/2-1/2"]
[WhiteElo "2037"]
[BlackElo "1790"]
[PlyCount "40"]
[EventDate "2005.06.11"]

1.d4 Nf6 2.c4 c5 3.d5 b5 4.cxb5 e6 5.Nc3 exd5 6.Nxd5 Bb7 7.Nc3 d5 8.a4 d4 
9.Nb1 a6 10.bxa6 Nxa6 11.Nf3 Ne4 12.Nbd2 Be7 13.g3 f5 14.Bg2 Bf6 15.O-O 
Bd5 16.Ra3 Nb4 17.Nb3 Nc6 18.Re1 Rb8 19.Bf4 Rb7 20.Bc1 O-O 1/2-1/2

[Event "I Festival A"]
[Site "Cattolica ITA"]
[Date "2005.06.18"]
[Round "8"]
[White "Pivotto, Carlo"]
[Black "Bellincampi, Stefano"]
[Result "1/2-1/2"]
[WhiteElo "1802"]
[BlackElo "2077"]
[PlyCount "47"]
[EventDate "2005.06.11"]

1.e4 e5 2.Nf3 Nc6 3.d3 Nf6 4.c3 a5 5.Be2 Be7 6.Nbd2 O-O 7.Qc2 d5 8.h3 Re8 
9.Nf1 dxe4 10.dxe4 Nd7 11.g4 Nc5 12.Ng3 Bd7 13.Rg1 Bf8 14.Be3 a4 15.Rd1 
Qc8 16.Nf5 Be6 17.Qb1 Rd8 18.Bxc5 Bxc5 19.Nd2 Na5 20.b4 axb3 21.axb3 Nc6 
22.b4 Bf8 23.Ne3 Ne7 24.Bc4 1/2-1/2

[Event "I Festival A"]
[Site "Cattolica ITA"]
[Date "2005.06.18"]
[Round "8"]
[White "Popa, Claudiu"]
[Black "Safranska, Anda"]
[Result "1-0"]
[WhiteElo "2186"]
[BlackElo "2298"]
[PlyCount "55"]
[EventDate "2005.06.11"]

1.e4 d6 2.d4 Nf6 3.Nc3 g6 4.f4 c6 5.Nf3 Bg7 6.Bd3 Qb6 7.e5 dxe5 8.fxe5 Nd5
9.Nxd5 cxd5 10.h3 Nc6 11.c3 O-O 12.Qe2 f6 13.exf6 exf6 14.O-O Bd7 15.Bf4 
Rae8 16.Qc2 Na5 17.Rae1 Qc6 18.h4 Bg4 19.Nh2 Qd7 20.Nxg4 Qxg4 21.Qf2 Qd7 
22.Qg3 f5 23.h5 Rxe1 24.Rxe1 Re8 25.Rxe8+ Qxe8 26.h6 Bf6 27.Bxf5 Qe7 28.
Bxg6 1-0

[Event "I Festival A"]
[Site "Cattolica ITA"]
[Date "2005.06.18"]
[Round "8"]
[White "Ragnoni, Edoardo"]
[Black "Manconi, Antonio"]
[Result "0-1"]
[WhiteElo "1802"]
[BlackElo "1972"]
[PlyCount "58"]
[EventDate "2005.06.11"]

1.e4 c5 2.Nf3 Nc6 3.c3 Nf6 4.e5 Nd5 5.Bc4 e6 6.Bxd5 exd5 7.d4 cxd4 8.cxd4 
d6 9.O-O dxe5 10.Nxe5 Nxe5 11.dxe5 Bc5 12.Qd3 O-O 13.Nc3 Be6 14.Kh1 Qd7 
15.Bg5 d4 16.Ne4 Bb6 17.Qg3 Bf5 18.Bh6 Bg6 19.f4 f5 20.exf6 gxh6 21.f5 Bc7
22.Qh3 Be8 23.Qxh6 Be5 24.Rae1 Qc7 25.Rf3 Bc6 26.Rh3 Bxe4 27.Rxe4 Bxf6 28.
Rg3+ Kh8 29.Reg4 Rac8 0-1

[Event "I Festival A"]
[Site "Cattolica ITA"]
[Date "2005.06.18"]
[Round "8"]
[White "Raineri, Valerio"]
[Black "Orfei, Rolando"]
[Result "1-0"]
[WhiteElo "2145"]
[BlackElo "1943"]
[PlyCount "120"]
[EventDate "2005.06.11"]

1.e4 e6 2.Qe2 c5 3.f4 Nc6 4.Nf3 g6 5.g3 Bg7 6.c3 Nge7 7.Bh3 b6 8.Na3 Bb7 
9.O-O d5 10.e5 d4 11.d3 Ba6 12.c4 O-O 13.Ng5 Rb8 14.Ne4 Nb4 15.Bd2 Ned5 
16.Nd6 Qd7 17.Rf3 Nc7 18.Bxb4 cxb4 19.Nc2 b5 20.b3 bxc4 21.dxc4 Ne8 22.Ne4
Bb7 23.Rd3 Qc6 24.Bg2 Qb6 25.Rad1 f5 26.Ng5 h6 27.Nf3 Nc7 28.Nfxd4 Na6 29.
Re3 Rfe8 30.Nb5 Bxg2 31.Qxg2 Bf8 32.Nd6 Red8 33.Qd2 Nc5 34.Qd4 Rb7 35.Rde1
Rbd7 36.Qd2 Ne4 37.Qxb4 Nxd6 38.Qxb6 axb6 39.exd6 Rxd6 40.Rxe6 Rxe6 41.
Rxe6 Rd2 42.Ne1 Bc5+ 43.Kh1 Kf7 44.Re5 Rxa2 45.Nd3 Bd6 46.Rb5 Rd2 47.Ne5+ 
Bxe5 48.Rxe5 Rd6 49.Kg2 Rc6 50.Kf3 Rc5 51.Ke3 Rxe5+ 52.fxe5 Ke6 53.Kd4 g5 
54.b4 f4 55.gxf4 gxf4 56.Ke4 f3 57.Kxf3 Kxe5 58.Kg4 Kd4 59.c5 bxc5 60.bxc5
Kxc5 1-0

[Event "I Festival A"]
[Site "Cattolica ITA"]
[Date "2005.06.18"]
[Round "8"]
[White "Rocchetti, Marco"]
[Black "Cerasi, Umberto"]
[Result "1/2-1/2"]
[WhiteElo "1937"]
[BlackElo "2002"]
[PlyCount "63"]
[EventDate "2005.06.11"]

1.d4 Nf6 2.Nf3 e6 3.Bf4 c5 4.e3 cxd4 5.exd4 Qb6 6.Qc1 Nc6 7.c3 Nh5 8.Be3 
Qc7 9.Nbd2 b6 10.Nc4 f5 11.Nce5 Bd6 12.Nc4 Be7 13.Bg5 Nf6 14.Bd3 Nd5 15.
Bxe7 Ncxe7 16.Qg5 O-O 17.O-O-O Qf4+ 18.Qxf4 Nxf4 19.Bf1 Bb7 20.Rg1 Nc8 21.
Nfe5 d6 22.Nd3 Nxd3+ 23.Bxd3 b5 24.Na5 Ba6 25.f4 Nb6 26.Rde1 Kf7 27.g3 
Rac8 28.Re2 Nc4 29.Nxc4 bxc4 30.Bb1 Bb7 31.Rge1 Bd5 32.Rf2 1/2-1/2

[Event "I Festival A"]
[Site "Cattolica ITA"]
[Date "2005.06.18"]
[Round "8"]
[White "Sautto, Alessandra"]
[Black "Fratino, Lorenzo"]
[Result "1/2-1/2"]
[WhiteElo "1968"]
[BlackElo "1915"]
[PlyCount "81"]
[EventDate "2005.06.11"]

1.d4 d5 2.Nf3 c6 3.Nbd2 Nf6 4.e3 Bf5 5.Ne5 Nbd7 6.Ndf3 Ne4 7.Nxd7 Bxd7 8.
Bd3 Bg4 9.Be2 e6 10.O-O Bd6 11.Ne5 Bxe2 12.Qxe2 O-O 13.f3 Nf6 14.Bd2 c5 
15.c3 c4 16.Rad1 Qc7 17.f4 b5 18.a3 a5 19.Ra1 Ne4 20.Ng4 b4 21.axb4 axb4 
22.Nf2 Nxf2 23.Qxf2 b3 24.Rxa8 Rxa8 25.Rb1 Ra2 26.Qe1 Qa7 27.g3 f5 28.Qd1 
Ba3 29.Bc1 Be7 30.Bd2 Qa4 31.Qe1 g5 32.Qd1 g4 33.Qe1 h5 34.Qd1 h4 35.Qe1 
hxg3 36.hxg3 Kg7 37.Qf1 Qe8 38.Qe1 Qh8 39.Qf2 Qd8 40.Qe1 Kg6 41.Qf1 
1/2-1/2

[Event "I Festival A"]
[Site "Cattolica ITA"]
[Date "2005.06.18"]
[Round "8"]
[White "Sautto, Daniele"]
[Black "Lazarev, Vladimir"]
[Result "0-1"]
[WhiteElo "2119"]
[BlackElo "2507"]
[PlyCount "40"]
[EventDate "2005.06.11"]

1.e4 c5 2.c3 Nf6 3.e5 Nd5 4.d4 cxd4 5.Qxd4 e6 6.Nf3 Nc6 7.Qe4 Qc7 8.Nbd2 
f5 9.exf6 Nxf6 10.Qh4 d5 11.Bd3 Bd6 12.Bg6+ Ke7 13.O-O Bd7 14.Bc2 h6 15.
Bg6 Raf8 16.Re1 Kd8 17.c4 Ne7 18.Bd3 g5 19.Qd4 Bc5 20.Qe5 Bxf2+ 0-1

[Event "I Festival A"]
[Site "Cattolica ITA"]
[Date "2005.06.18"]
[Round "8"]
[White "Savarese, Vincenzo"]
[Black "Marini, Lucio"]
[Result "0-1"]
[WhiteElo "1730"]
[BlackElo "1527"]
[PlyCount "70"]
[EventDate "2005.06.11"]

1.e4 c5 2.Nf3 d6 3.d4 cxd4 4.Nxd4 Nf6 5.f3 e6 6.Nc3 a6 7.Be3 Nc6 8.Be2 Be7
9.Qd2 Nxd4 10.Bxd4 e5 11.Be3 Be6 12.O-O d5 13.exd5 Nxd5 14.Nxd5 Qxd5 15.
Bd3 O-O 16.Qf2 Rac8 17.Be4 Qb5 18.a4 Qb4 19.c3 Qb3 20.a5 f5 21.Bb1 Qb5 22.
Rd1 Bc5 23.Bxc5 Qxc5 24.Qxc5 Rxc5 25.Rd6 Kf7 26.Rb6 Bc8 27.Ba2+ Ke7 28.Bb1
Rd8 29.Bc2 Rdd5 30.c4 Rd2 31.b4 Rxc4 32.Bxf5 Bxf5 33.Rxb7+ Rd7 34.Rxd7+ 
Bxd7 35.Rb1 Rc2 0-1

[Event "I Festival A"]
[Site "Cattolica ITA"]
[Date "2005.06.18"]
[Round "8"]
[White "Schaefer, Michael"]
[Black "Dallaglio, Giovanni"]
[Result "1-0"]
[WhiteElo "2202"]
[BlackElo "2038"]
[PlyCount "91"]
[EventDate "2005.06.11"]

1.d4 d5 2.c4 dxc4 3.Nf3 Nf6 4.e3 e6 5.Bxc4 c5 6.O-O cxd4 7.exd4 Be7 8.Nc3 
O-O 9.a3 Nc6 10.Re1 b6 11.Bg5 Bb7 12.Ba2 Nh5 13.Be3 Nf6 14.Qd3 Qd7 15.Rad1
Rac8 16.Bb1 g6 17.Bh6 Rfe8 18.Ba2 Bf8 19.Bxf8 Kxf8 20.Qe3 Kg7 21.Qg5 h6 
22.Qf4 Nd5 23.Bxd5 exd5 24.h4 f6 25.h5 g5 26.Qg3 Re7 27.Nh2 Rce8 28.Re3 
Nd8 29.Rxe7+ Rxe7 30.Qd3 Qe8 31.Qf3 Qf7 32.g4 Qe6 33.Nf1 Nf7 34.Ne3 Nd6 
35.Qe2 Kh8 36.Qd3 Ne4 37.Nf5 Rh7 38.Re1 Qd7 39.f3 Nxc3 40.Qxc3 Rf7 41.Nxh6
Re7 42.Nf5 Re6 43.Rxe6 Qxe6 44.Kf2 Ba6 45.Qe3 Qc6 46.Qe7 1-0

[Event "I Festival A"]
[Site "Cattolica ITA"]
[Date "2005.06.18"]
[Round "8"]
[White "Solaroli, Riccardo"]
[Black "Battistella, Stefano"]
[Result "0-1"]
[WhiteElo "1963"]
[BlackElo "2055"]
[PlyCount "58"]
[EventDate "2005.06.11"]

1.e4 a6 2.d4 b5 3.Nf3 Bb7 4.Bd3 Nf6 5.Qe2 e6 6.Bg5 h6 7.Bh4 Be7 8.Nbd2 g5 
9.Bg3 Nh5 10.Ne5 Nxg3 11.fxg3 d6 12.Nxf7 Kxf7 13.Qh5+ Kg7 14.e5 Qe8 15.Qe2
Nc6 16.c3 dxe5 17.dxe5 Rd8 18.Be4 Na5 19.Bc2 Nc4 20.Nxc4 bxc4 21.h4 Rf8 
22.Rd1 Rxd1+ 23.Kxd1 Bd5 24.hxg5 Bxg5 25.Qg4 Qf7 26.Re1 Qf2 27.Re2 Qf1+ 
28.Re1 Qxg2 29.Re2 Rf1+ 0-1

[Event "I Festival A"]
[Site "Cattolica ITA"]
[Date "2005.06.18"]
[Round "8"]
[White "Squarci, Franco"]
[Black "Garofalo, Sergio"]
[Result "0-1"]
[WhiteElo "1863"]
[BlackElo "1903"]
[PlyCount "84"]
[EventDate "2005.06.11"]

1.Nf3 f5 2.d4 e6 3.g3 Nf6 4.Bg2 Be7 5.O-O O-O 6.c4 d6 7.Nc3 c6 8.Ng5 h6 9.
Nh3 Qe8 10.d5 e5 11.e4 fxe4 12.f4 Bg4 13.Qe1 Qh5 14.Nf2 exf4 15.Bxf4 g5 
16.Bd2 Bf3 17.Ncxe4 Be2 18.Nxf6+ Bxf6 19.Bc3 Nd7 20.dxc6 Bxc3 21.Bd5+ Kh7 
22.Qxc3 Ne5 23.Be4+ Kg8 24.Bd5+ Kh7 25.Qc2+ Kh8 26.Qc3 bxc6 27.Bxc6 Rac8 
28.Bg2 Rxc4 29.Qe3 Bxf1 30.Rxf1 Rcc8 31.h3 Nf3+ 32.Kh1 Rce8 33.Qc3+ Ne5 
34.Kh2 Qe2 35.Qd4 Rf6 36.Kg1 Ref8 37.Qxa7 Qxb2 38.Qe3 Qxa2 39.Qd4 Qe2 40.
Qa7 Nd3 41.Qd4 Nxf2 42.Rxf2 Qxf2+ 0-1

[Event "I Festival A"]
[Site "Cattolica ITA"]
[Date "2005.06.18"]
[Round "8"]
[White "Torrisi, Andrea"]
[Black "Leali, Claudio"]
[Result "1-0"]
[WhiteElo "1611"]
[BlackElo "1702"]
[PlyCount "43"]
[EventDate "2005.06.11"]

1.d4 Nf6 2.c4 e5 3.dxe5 Ng4 4.Nc3 Nc6 5.Nf3 d6 6.exd6 Bxd6 7.Bg5 f6 8.Bh4 
Be6 9.e3 Qd7 10.Be2 O-O-O 11.O-O Qf7 12.Qa4 h5 13.Nb5 Bc5 14.Bg3 Bb6 15.
Nfd4 Nxd4 16.exd4 a6 17.c5 h4 18.cxb6 hxg3 19.Rac1 Rxh2 20.Bxg4 Bxg4 21.
Rxc7+ Qxc7 22.Nxc7 1-0

[Event "I Festival A"]
[Site "Cattolica ITA"]
[Date "2005.06.18"]
[Round "8"]
[White "Trussardi, Giuseppe"]
[Black "Bonani, Georg"]
[Result "0-1"]
[WhiteElo "1768"]
[BlackElo "1897"]
[PlyCount "97"]
[EventDate "2005.06.11"]

1.c4 Nf6 2.Nc3 g6 3.e4 d6 4.g3 Bg7 5.Bg2 e5 6.Nge2 O-O 7.h3 Nc6 8.O-O Be6 
9.d3 a5 10.Be3 Nd7 11.Qd2 Nc5 12.Rad1 Qd7 13.Kh2 b6 14.Bh6 Nb4 15.Bxg7 
Kxg7 16.Nc1 Rab8 17.a3 Nc6 18.f4 exf4 19.gxf4 f5 20.d4 Bxc4 21.dxc5 Bxf1 
22.Rxf1 bxc5 23.exf5 Rxf5 24.Bf3 Rf7 25.Ne4 Nd4 26.Bg2 Qb5 27.Rf2 Re7 28.
Nc3 Qd7 29.Nd5 Re6 30.Qxa5 Rbe8 31.Qd2 Rb8 32.b4 c6 33.Ne3 Rbe8 34.Nc4 Qa7
35.Qc3 Kh6 36.bxc5 Qxc5 37.Qb4 Qa7 38.Qd2 Kg7 39.Qc3 Kg8 40.Na5 d5 41.Nxc6
Nxc6 42.Bxd5 Qxf2+ 43.Kh1 Qf1+ 44.Kh2 Qxf4+ 45.Kh1 Kf8 46.Qc5+ Qd6 47.Qc4 
Re1+ 48.Kg2 Rxc1 49.Qf4+ 0-1

[Event "I Festival A"]
[Site "Cattolica ITA"]
[Date "2005.06.18"]
[Round "8"]
[White "Volpinari, Danilo"]
[Black "Grau, Peter"]
[Result "1-0"]
[WhiteElo "2044"]
[BlackElo "2082"]
[PlyCount "43"]
[EventDate "2005.06.11"]

1.e4 e5 2.Nf3 Nc6 3.d4 exd4 4.Bc4 Nf6 5.e5 d5 6.Bb5 Ne4 7.Nxd4 Qd7 8.O-O 
Be7 9.f3 Nc5 10.Be3 a6 11.Bxc6 bxc6 12.Nc3 O-O 13.f4 f5 14.g4 g6 15.gxf5 
gxf5 16.Qh5 Bb7 17.Kf2 Kh8 18.Rg1 Rae8 19.Rg6 Ne4+ 20.Nxe4 dxe4 21.e6 Qd5 
22.Rh6 1-0

[Event "I Festival A"]
[Site "Cattolica ITA"]
[Date "2005.06.19"]
[Round "9"]
[White "Barlocco, Carlo"]
[Black "De Rosa, Mariagrazia"]
[Result "1-0"]
[WhiteElo "2195"]
[BlackElo "2081"]
[PlyCount "73"]
[EventDate "2005.06.11"]

1.Nc3 c5 2.e4 e6 3.g3 Nc6 4.Bg2 g6 5.d3 Bg7 6.Be3 d6 7.Qd2 Rb8 8.h4 b5 9.
h5 b4 10.Nd1 Qa5 11.Ne2 Nd4 12.f3 Qa4 13.Bxd4 cxd4 14.b3 Qb5 15.g4 d5 16.
h6 Bf8 17.Nxd4 Qb6 18.Ne2 dxe4 19.fxe4 e5 20.g5 Bc5 21.Bh3 Bb7 22.Rf1 Rd8 
23.Qc1 Ne7 24.Rf3 Nc6 25.Ne3 Nd4 26.Rf6 Nxe2 27.Kxe2 Qb5 28.Nc4 Be7 29.Qf1
Rf8 30.Qf3 Qc5 31.Rf1 Bxf6 32.Qxf6 Qe7 33.Qxe5 Ba6 34.Qa5 Bxc4 35.Qa4+ Rd7
36.bxc4 f6 37.gxf6 1-0